000 00633nam a2200181Ia 4500
001 24305
005 20260414151034.0
008 260414t2024||||xx |||||||||||||| ||spa||
041 _aESP
082 _a345.2
_bR84P
100 _aRosas Yataco, Jorge,
_eAUT
245 0 _aLos procesos penales especiales :
_broceso inmediato, proceso por función pública, proceso de seguridad, proceso de ejercicio privado, conclusión anticipada del juzgamiento, procedimiento de colaboración eficaz, proceso por faltas
260 _c2024
300 _a670 páginas :
_c25 cm.
650 _aDER
654 _aCDE
942 _cLIB
_dJUS
_fJUS
_2ddc
_n
999 _c24305
_d24305